Εκτίμηση της ημερήσιας παραγωγής απορριμμάτων στη Λέσβο : [πτυχιακή εργασία]
Αναφορά στην ημερήσια παραγωγή αποβλήτων από κάθε δημοτική ενότητα στην Λέσβο.
Αποθηκεύτηκε σε:
| Κύριος συγγραφέας: | |
|---|---|
| Συγγραφή απο Οργανισμό/Αρχή: | |
| Μορφή: | Thesis Βιβλίο |
| Γλώσσα: | Greek |
| Δημοσίευση: |
2015.
|
| Θέματα: | |
| Διαθέσιμο Online: | http://hdl.handle.net/11610/10428 |
| Ετικέτες: |
Προσθήκη ετικέτας
Δεν υπάρχουν, Καταχωρήστε ετικέτα πρώτοι!
|
MARC
| LEADER | 00000cam a2200000 a 4500 | ||
|---|---|---|---|
| 001 | 1/109332 | ||
| 008 | 151111s2015####gr d ||| |||| ||gre|| | ||
| 040 | |a GR-MyUa |b gre |c GR-MyUa |e AACR2 | ||
| 041 | 0 | |a gre | |
| 082 | 7 | |a 628.44 |2 (23) | |
| 100 | 1 | |a Ελευθερίου, Κωνσταντίνος. | |
| 245 | 1 | 0 | |a Εκτίμηση της ημερήσιας παραγωγής απορριμμάτων στη Λέσβο : |b [πτυχιακή εργασία] / |c Ελευθερίου Κωνσταντίνος ; επιβλέπων καθηγητής: Στασινάκης Αθανάσιος. |
| 260 | |c 2015. | ||
| 300 | |a 51 σ. : |b διαγρ. ; |c 24 εκ. | ||
| 502 | |a Πτυχιακή εργασία – Πανεπιστήμιο Αιγαίου, Λέσβος, 2015. | ||
| 504 | |a Περιλαμβάνει βιβλιογραφία. | ||
| 506 | 1 | |a Ηλεκτρονική διάθεση στο πλήρες κείμενο – περιορισμένης πρόσβασης ; |d Ελεύθερη διάθεση μόνο στα μέλη του Πανεπιστημίου Αιγαίου. | |
| 520 | 8 | |a Αναφορά στην ημερήσια παραγωγή αποβλήτων από κάθε δημοτική ενότητα στην Λέσβο. | |
| 650 | 0 | |a Refuse and refuse disposal |z Greece |z Lesbos (Municipality) | |
| 650 | 0 | |a Waste products. | |
| 650 | 0 | |a Refuse and refuse disposal |z Greece |z Lesbos (Municipality) | |
| 700 | 1 | |a Στασινάκης, Αθανάσιος, |e dgs | |
| 710 | 2 | |a Πανεπιστήμιο Αιγαίου. |b Σχολή Περιβάλλοντος. |b Τμήμα Περιβάλλοντος. | |
| 852 | |a INST |b LESVOS |c DIATR |e 20151111 |h 1681 |p 005100057945 |q 005100057945 |t DIE |y 23 | ||
| 856 | |u http://hdl.handle.net/11610/10428 | ||
| 924 | |a Ελευθερίου |b Κωνσταντίνος |y Λέσβος |z 2015-03 | ||
| 970 | |a Τζάφερη |b Ευαγγελία |z 13-11-2015 | ||